Statistics for Modern Business Decision Making /

Este libro es una introducción a la teoría estadística bayesiana para la toma de decisiones en administración.

Պահպանված է:
Մատենագիտական մանրամասներ
Հիմնական հեղինակ: Sasaki, Kyohei (autor)
Ձևաչափ: Գիրք
Լեզու:անգլերեն
Խորագրեր:
Ցուցիչներ: Ավելացրեք ցուցիչ
Չկան պիտակներ, Եղեք առաջինը, ով նշում է այս գրառումը!

MARC

LEADER 00000nam^a2200000^a^4500
001 000033917
005 20250521000000.0
009 20260310085218.266
037 |a Acervo ITESO - Biblioteca 
041 |a ING 
082 |a 658. 4  |b SAS 
100 |a Sasaki, Kyohei  |e (autor) 
245 1 0 |a Statistics for Modern Business Decision Making /  |c K. Sasaki. 
264 |a Belmont, EUA :  |b Wadsworth,  |c 1968 
300 |a 562 p. 
336 |a texto  |b txt  |2 rdacontenido 
337 |a sin mediación  |b n  |2 rdamedio 
338 |a volumen  |b nc  |2 rdasoporte 
520 |a Este libro es una introducción a la teoría estadística bayesiana para la toma de decisiones en administración. 
649 |a XX 
650 |a Ciencias Administrativas 
650 |a Administración 
650 |a Toma de Decisiones 
910 |a Fondo General 
920 |a Impresos - Libros 
930 |a Colección General 
905 |a 101 
901 |a 0339170100  |b IT1  |c ACC  |i 033917  |u 20250521 
902 |a https://opac.biblio.iteso.mx/vufind/Record/000033917